| 000 | 00336nam a2200133Ia 4500 | ||
|---|---|---|---|
| 005 | 20260328101524.0 | ||
| 008 | 260328s9999||||xx |||||||||||||| ||und|| | ||
| 100 | _aSchmandt, Henry J. | ||
| 245 | 4 |
_aThe quality of Urban Life / _cHenry J. Schmandt |
|
| 260 | _bSage Publications | ||
| 300 | _a590 p. | ||
| 650 | _aURBANISMO | ||
| 942 | _cBK | ||
| 999 |
_c9711 _d9711 |
||